| 000 | 00846cam a22002653a 4500 | ||
|---|---|---|---|
| 001 | 5135 | ||
| 003 | PGUSA | ||
| 005 | 20140828083114.0 | ||
| 008 | 060422s2006||||xxu|||||s|||||000 1 eng d | ||
| 040 |
_aPGUSA _beng |
||
| 042 | _adc | ||
| 050 | 4 | _aPQ | |
| 100 | 1 |
_aZola, Émile, _d1840-1902 |
|
| 245 | 1 | 4 |
_aThe Fortune of the Rougons _h[electronic resource] / _cÉmile Zola |
| 260 |
_bProject Gutenberg, _c2006 |
||
| 500 | _aThe Fortune of the Rougons is the first in Zola's Rougon-Macquart series of novels. | ||
| 506 | _aPublic domain in the USA. | ||
| 516 | _aElectronic text | ||
| 653 | _aFrance -- History -- 1848-1870 -- Fiction | ||
| 700 | 1 |
_aVizetelly, Ernest Alfred, _d1853-1922 |
|
| 740 | 0 | _aLa Fortune des Rougon. English | |
| 830 | 0 |
_aProject Gutenberg _v5135 |
|
| 856 | 4 | 0 | _uhttp://www.gutenberg.org/ebooks/5135 |
| 942 | _cEB | ||
| 999 |
_c234464 _d234464 |
||